UBT Library

Implementation of strategic planning / (Record no. 41868)

000 -LEADER
fixed length control field 00595cam a2200217 a 4500
001 - CONTROL NUMBER
control field 1370165
005 - DATE AND TIME OF LATEST TRANSACTION
control field 20180206035605.0
008 - FIXED-LENGTH DATA ELEMENTS--GENERAL INFORMATION
fixed length control field 810410s1982 njua b 101 0 eng
010 ## - LIBRARY OF CONGRESS CONTROL NUMBER
LC control number 81005854
020 ## - INTERNATIONAL STANDARD BOOK NUMBER
International Standard Book Number 0134518152
040 ## - CATALOGING SOURCE
Original cataloging agency DLC
Transcribing agency DLC
Modifying agency DLC
041 ## - LANGUAGE CODE
Language code of text/sound track or separate title eng
080 ## - UNIVERSAL DECIMAL CLASSIFICATION NUMBER
Universal Decimal Classification number 658.4012 LOR
082 00 - DEWEY DECIMAL CLASSIFICATION NUMBER
Classification number 658.4012 LOR
Edition number 19
100 ## - Rafti
Rafti 54
101 ## - Shkurtesa
Shkurtesa LID
245 00 - TITLE STATEMENT
Title Implementation of strategic planning /
Statement of responsibility, etc [edited by] Peter Lorange.
504 ## - BIBLIOGRAPHY, ETC. NOTE
Bibliography, etc Includes bibliographical references and indexes.
906 ## - LOCAL DATA ELEMENT F, LDF (RLIN)
a 7
b cbc
c orignew
d 1
e ocip
f 19
g y-gencatlg
942 ## - ADDED ENTRY ELEMENTS (KOHA)
Source of classification or shelving scheme
Item type Books
Holdings
Withdrawn status Lost status Source of classification or shelving scheme Damaged status Not for loan Collection code Permanent location Current location Shelving location Date acquired Total Checkouts Full call number Barcode Date last seen Price effective from Koha item type
          Koleksioni i përgjithshem UBT - Lipjan UBT - Lipjan Koleksioni i përgjithshem 02/06/2018   658.4012 LOR 002-2999330 02/06/2018 02/06/2018 Books
          Koleksioni i përgjithshem UBT - Lipjan UBT - Lipjan Koleksioni i përgjithshem 02/26/2021   658 LOR 002-6000928 02/26/2021 02/26/2021 Books
UBT Library © 2015-2024. All rights reserved University Education for Business and Technology